000 02044nam0a2200397 4500
001 RU\NLR\bibl\1888768
005 20260405141755.0
010 _a978-5-89826-379-9
_9800
021 _aRU
_b2012-20222
_91530
035 _a(NLR Aleph) 001878471
090 _a2757691
_c2757691
100 _a20120403d2011 |||y0rusy50 ca
101 0 _arus
102 _aRU
105 _aah |||||||||
200 1 _aИнтеллектуальный выбор России второй половины XVII - начала XVIII века: от древнерусской книжности к европейской учености
_dRussia's intellectual choice of late 17th - early 18th centuries: from the old Russian knizhnost to the European scholarship
_fМарина Киселева
_gРос. акад. наук, Ин-т философии
_zeng
210 _aМосква
_cПрогресс-Традиция
_d2011
215 _a471 с.
_cил., факс.
_d22
300 _aАвт. также на англ. яз.: Marina Kiseleva
300 _aРез. на англ. яз.
320 _aБиблиогр.: с. 419-444
320 _aУказ. имен: с. 451-471
510 0 _6z45790
_aRussia's intellectual choice of late 17th - early 18th centuries: from the old Russian knizhnost to the European scholarship
_zeng
606 1 _aОбразование
_xИстория
_yРоссия
_z2-я пол. 17 - нач. 18 вв.
_92108071
_3RU\NLR\auth\661577849
606 1 _aПроповеди церковные православные
_xИстория
_92108094
_3RU\NLR\auth\661577860
686 _aЭ372.24-462.1
686 _aЧ33(2)46
700 1 _4070
_8rus
_7ca
_aКиселева
_bМ. С.
_cд-р филос. наук
_gМарина Сергеевна
_3RU\NLR\auth\7757787
_940719
790 1 _6z45510
_aKiseleva
_bM. S.
_gMarina Sergeevna
_4070
801 0 _aRU
_bNLR
_c20120403
_gRCR
801 1 _aRU
_bNLR
_c20120403
942 _cBOOK
980 _aNBR
980 _aNB